| 000 | 00424nam a2200181Ia 4500 | ||
|---|---|---|---|
| 008 | 230524s9999 xx 000 0 und d | ||
| 020 | _a08125911650 | ||
| 082 |
_a5.74 _bLEO |
||
| 100 | _aAlexis Leon | ||
| 245 | 0 | _aDatabase Management Systems | |
| 250 | _a3RD | ||
| 260 |
_aNEW DELHI _bVikas _c2009 |
||
| 300 | _aXI;989 | ||
| 500 | _aQuantity Number: 10 | ||
| 650 | _aComp-Sc | ||
| 700 | _a Mathews Leon | ||
| 942 | _cBK | ||
| 999 |
_c7013 _d7013 |
||